Manual técnico del agua
ISBN:
84-300-1651-1
Descripción Física:
XXXI, 1216 p. : il., gràf. ; 21 cm
MARC
| LEADER | 00000nam a2200000Ia 4500 | ||
|---|---|---|---|
| 001 | 19259 | ||
| 008 | 160829s1979 xx 000 0 cat d | ||
| 020 | |a 84-300-1651-1 | ||
| 080 | |a C-2-516 | ||
| 245 | |a Manual técnico del agua | ||
| 250 | |a 4a ed. | ||
| 260 | |a Bilbao : |b Degrémont, |c 1979 | ||
| 300 | |a XXXI, 1216 p. : |b il., gràf. ; |c 21 cm | ||
| 650 | |a Aigua |x Depuració |x Manuals de laboratori |9 45662 | ||
| 901 | |a Arxiu | ||
| 942 | |n 1 | ||
| 952 | |0 0 |1 0 |4 0 |6 C2516 |7 1 |9 52751 |a Arxiu |b Arxiu |d 2016-12-01 |l 0 |o C-2-516 |p 19259 |r 2016-12-01 00:00:00 |w 2016-12-01 |y ARXIU | ||
| 999 | |c 56600 |d 56600 | ||